| 000 | 00993nac a22003257a 4500 | ||
|---|---|---|---|
| 001 | BR0103449 | ||
| 003 | BR-BrBNA | ||
| 005 | 20240105122556.0 | ||
| 008 | 230509b bl.|||m| |||| 00| 0 por d | ||
| 040 |
_aBR-BrBNA _bpor _cBiblioteca Nacional de Agricultura |
||
| 072 | _aQ04; Q02 | ||
| 090 | _a1190 BR0103449 | ||
| 100 | 1 | _aNazare, R.F.R. de | |
| 110 | 1 | _aEMBRAPA Amazonia Oriental, Belem, PA (Brasil) | |
| 245 | 1 | _aProdutos Agroindustriais de bacuri, cupuacu, graviola e acai, desenvolvidos pela EMBRAPA Amazonia Oriental | |
| 260 | 3 |
_aBelem, PA (Brasil): _c2000. |
|
| 300 | _a27 p. | ||
| 490 |
_aDocumentos - EMBRAPA Amazonia Oriental (Brazil) _vno. 41 _xISSN 1517-2201 |
||
| 500 | _a27 ref.; 8 tables | ||
| 650 | _aBacuri | ||
| 650 | _aCupuacu | ||
| 650 | _aGraviola | ||
| 650 | _aAcai | ||
| 650 | _aPolpa | ||
| 650 | _aAnalise de Alimento | ||
| 650 | _aProcessamento | ||
| 650 | _aPara | ||
| 909 |
_a202312 _bLúcia Elande _c55 _dLúcia Elande |
||
| 942 |
_2AGRIS _n0 _cMS |
||
| 999 |
_c291740 _d291740 |
||